Countries of birth of adopted children in France - Statistics

General Stats
  • This quiz has been taken 231 times
  • The average score is 15 of 30
Answer Stats
Number of children adopted Country of birth % Correct
100 China
89%
469 Vietnam
81%
301 Russia
79%
21 India
76%
41 Democratic Republic of the Congo
71%
18 Republic of the Congo
71%
13 Brazil
66%
23 Nigeria
64%
59 Ukraine
64%
14 Laos
63%
71 Mali
63%
30 Thailand
60%
352 Ethiopia
57%
56 Cameroon
51%
75 Cote d'Ivoire
49%
34 Tunisia
49%
14 Philippines
45%
369 Colombia
43%
15 Benin
42%
26 Poland
42%
992 Haiti
39%
15 Togo
39%
12 Central African Republic
37%
37 Madagascar
36%
35 Burkina Faso
34%
19 Nepal
25%
52 Djibouti
22%
46 Kazakhstan
16%
15 Armenia
15%
47 Latvia
10%
No matching quizzes found
Score Distribution
Percent of People with Each Score
Percentile by Number Answered
Your Score History
You have not taken this quiz